000 00552nam a2200205Ia 4500
005 20250923145155.0
008 008 250917s9999 xx 000 0 eng d
037 _aTextual
040 _aDSWL
_beng
_cDSWL
041 _aeng
_2eng
084 _aR3,7, N66
_qDSWL
100 _aHaines, Nicolas
_9832534
245 0 _aFreedom & community
_cby Nicolas Haines
260 _aLondon
_bMacmillan
_c1966
300 _avi,104p.
365 _aINR
_b30
925 _g30
942 _cTEXL
_hR3,7, N66
999 _c1448072
_d1448072